Evaluación inicial de riesgos laborales por puestos de trabajo en la empresa de equipos topográficos y GPS: Geosatélites, S.A ubicada en Managua, Nicaragua
Con la investigación realizada en la empresa Geo satélites S.A , se pretende reforzar las operaciones que realizan sus operarios, con la propuesta de un plan de seguridad e higiene el cual beneficiara a los trabajadores de la planta de manera que puedan realizar sus labores en condiciones segura...
| Main Authors: | , , |
|---|---|
| Other Authors: | |
| Format: | Tesis Section = Libro |
| Language: | Undetermined Spanish |
| Published: |
Managua
UNI
2022
|
| Subjects: |
| LEADER | 01661nam a2200289Ia 4500 | ||
|---|---|---|---|
| 008 | 240830s9999 xx 000 0 und d | ||
| 040 | |a BIBLIOTECA-RUPAP/ Mon 363.11 C961 | ||
| 041 | |a spa | ||
| 082 | |a Mon 363.11 C961 | ||
| 100 | 1 | |a Cuadra Martínez, Alfredo Eduardo | |
| 100 | 1 | |b Méndez Siles, Ana Lucia | |
| 100 | 1 | |c Castillo Ortiz, Didier Yasir | |
| 245 | 1 | 0 | |a Evaluación inicial de riesgos laborales por puestos de trabajo en la empresa de equipos topográficos y GPS: Geosatélites, S.A ubicada en Managua, Nicaragua |
| 260 | |a Managua |b UNI |c 2022 | ||
| 300 | |a 191 p. :il. | ||
| 500 | |a Contiene: anexos y CD. | ||
| 502 | |a Tesis (Ingeniero Industrial) - UNI, 2022. | ||
| 520 | 3 | |a Con la investigación realizada en la empresa Geo satélites S.A , se pretende reforzar las operaciones que realizan sus operarios, con la propuesta de un plan de seguridad e higiene el cual beneficiara a los trabajadores de la planta de manera que puedan realizar sus labores en condiciones seguras sin correr el riesgo de algún accidente que pueda afectar su salud y que está enfocado en la mitigación de todos los factores causantes de riesgos laborales y enfermedades profesionales a las que están expuestos los trabajadores de la planta. Con el plan de seguridad e higiene puesto en marcha se promoverá la seguridad e higiene en los trabajadores de la planta. | |
| 650 | 7 | |a EVALUACION DE RIESGOS | |
| 650 | 7 | |b ACCIDENTES LABORALES | |
| 650 | 7 | |c SEGURIDAD INDUSTRIAL | |
| 650 | 7 | |d SEGURIDAD OCUPACIONAL | |
| 650 | 7 | |e SALUD OCUPACIONAL | |
| 700 | 1 | |a Tutor: |b Cáceres Antion, Juan Agustín | |
| 942 | |c BK |2 ddc | ||
| 991 | |a Tesis | ||
| 999 | |c 27637 | ||